| 000 | 00394nam a22001577a 4500 | ||
|---|---|---|---|
| 999 |
_c1886 _d1885 |
||
| 005 | 20210925122332.0 | ||
| 008 | 160526b xxu||||| |||| 00| 0 eng d | ||
| 020 | _a81-7188-247-1 | ||
| 041 | _aeng | ||
| 082 |
_b5339 _a332.632 |
||
| 245 | _aMannual of SEBI notificaiton & Legislations | ||
| 260 |
_aNew Delhi _bAcademic Faundation |
||
| 300 | _a250 | ||
| 650 |
_aManagement _9241 |
||
| 942 | _cBK | ||